• 首页
  • 本馆介绍
  • 公告通知
  • 最新文献
  • 馆藏检索
  • 电子资源
  • 读者导购
  • 参考咨询
  • 我的图书馆
  • 登录
  • 详细信息显示
  • 放入我的书架
  • 预约/预借图书
  • 作者相关作品
  • 分类相关作品
  • 丛书相关作品
  • 出版社相关作品

书目信息

  • 表格格式
  • 工作单格式
  • 卡片格式
题名:
超级沟通力
    
 
作者: 黎明 编著
分册:  
出版信息: 北京   中国纺织出版社  2017
页数: 229页
开本: 24cm
丛书名:
单 册:
中图分类: C912.11-49
科图分类:
主题词: 心理交往--通俗读物
电子资源:
ISBN: 978-7-5180-3772-8
000 00950nam0 2200241 45
001 012001000065
005 20140920091301.0
010    @a978-7-5180-3772-8@dCNY29.80
100    @a20171018d2017 em y0chiy50 ea
101 0  @achi
102    @aCN@b110000
105    @ay z 000yy
106    @ar
200 1  @a超级沟通力@9Chao Ji Gou Tong Li@f黎明编著
210    @a北京@c中国纺织出版社@d2017
215    @a229页@d24cm
314    @a黎明 (1961-),男,曾担任两家世界500强外企人力资源公司高管10年、军队高等院校军事指挥教官18年,4家外企旗下公司总经理14年等。出版《HRD六项修炼》、《世界500强绩效管理最佳实践》等专业书籍4部等。
330    @a本书以心理学为基础,系统科学地针对生活中常见的现象进行了心理学层次的解读,全面剖析了心理学在工作、学习、社交、家庭等方面的巨大作用。
606 0  @a心理交往@j通俗读物
690    @aC912.11-49@v5
701  0 @a黎明@9Li Ming@f(1961-)@4编著
801  0 @aCN@b上海新华@c20180901
905    @b1040314-18@dC912.11@e1413@f5
    
    超级沟通力/黎明编著.-北京:中国纺织出版社,2017
    229页;24cm
    
    
    ISBN 978-7-5180-3772-8:CNY29.80
    本书以心理学为基础,系统科学地针对生活中常见的现象进行了心理学层次的解读,全面剖析了心理学在工作、学习、社交、家庭等方面的巨大作用。
●
相关链接 在E读中查询图书 在五车中查询图书 在当当中查询图书 在豆瓣中查询图书


正题名:超级沟通力     索取号:C912.11/1413         预约/预借

序号 登录号 条形码 馆藏地/架位号 状态 备注
1 1040314   210403142   第一样本阅览室/ [索取号:C912.11/1413] 在馆    
2 1040315   210403151   第一借阅区/ [索取号:C912.11/1413] 在馆    
3 1040316   210403160   第一借阅区/ [索取号:C912.11/1413] 在馆    
4 1040317   210403179   第一借阅区/ [索取号:C912.11/1413] 在馆    
5 1040318   210403188   第一借阅区/ [索取号:C912.11/1413] 在馆    
唐山师范学院图书馆 欢迎您!
大连网信软件有限公司© 版权所有